[Event "Open des Vins"]
[Site "FRA"]
[Date "1999.??.??"]
[Round "7"]
[White "Pasc, Cristina"]
[Black "Villalba, Pascal"]
[Result "1-0"]
[WhiteElo "2045"]
[BlackElo "1780"]

1.e4 Nc6 2.Nc3 g6 3.d4 Bg7 4.e5 d6 5.f4 dxe5 6.dxe5 Qxd1+ 7.Nxd1 Bf5 8.Ne3 Nd4
9.Nxf5 Nxf5 10.Nf3 e6 11.Bd2 Ngh6 12.Bd3 O-O 13.O-O-O Rfd8 14.Rhg1 Ne7 15.g4 Kh8
16.Be4 c6 17.c4 Rd7 18.Bb4 Rxd1+ 19.Rxd1 Nc8 20.Rd8+ Ng8 21.Ng5 Bh6 22.Nxf7+ Kg7
23.Nxh6 Kxh6 24.Bf8+  1-0

[Event "FRA-chT 9899"]
[Site "FRA"]
[Date "1999.??.??"]
[Round "11"]
[White "Hodgson, Julian M"]
[Black "David, Alberto"]
[Result "1-0"]
[WhiteElo "2565"]
[BlackElo "2530"]

1.d4 g6 2.e4 Bg7 3.Nc3 a6 4.f4 b5 5.Nf3 d6 6.Bd3 Nd7 7.e5 c5 8.e6 fxe6 9.Ng5 Ndf6
10.dxc5 dxc5 11.Nxh7  1-0

[Event "Oberliga Nord N9899"]
[Site "GER"]
[Date "1999.??.??"]
[Round "?"]
[White "Buhr, Carl Christian"]
[Black "Rabeler, Gert"]
[Result "0-1"]
[WhiteElo "2320"]
[BlackElo "2355"]

1.d4 g6 2.e4 Bg7 3.Nc3 c5 4.d5 d6 5.Bb5+ Nd7 6.a4 Nf6 7.f4 a6 8.Be2 Qa5 9.Bd2 O-O
10.Bc4 Qc7 11.Nf3 Nb6 12.Be2 Bd7 13.O-O e6 14.a5 Nc8 15.dxe6 Bxe6 16.Ng5 Ne7
17.Qe1 Bd7 18.Bc4 Rae8 19.Qh4 h6 20.Nf3 d5 21.Nxd5 Nfxd5 22.Bxd5 Nxd5 23.exd5 Qd6
24.c4 Re4 25.Rac1 Ba4 26.Rfe1 Rfe8 27.Ne5 Qxe5  0-1

[Event "HUN-chT9899"]
[Site "HUN"]
[Date "1999.??.??"]
[Round "?"]
[White "Gyimesi, Zoltan"]
[Black "Orso, Miklos"]
[Result "1-0"]
[WhiteElo "2525"]
[BlackElo "2360"]

1.d4 g6 2.e4 Bg7 3.Nc3 c5 4.dxc5 Qa5 5.Bd2 Qxc5 6.Nd5 Na6 7.Bxa6 bxa6 8.Bb4 Qc4
9.Qd3 Qxd3 10.cxd3 Rb8 11.Bc3 Bxc3+ 12.bxc3 e6 13.Ne3 f5 14.e5 Nh6 15.f4 Ke7
16.Ne2 Nf7 17.Kf2 g5 18.g3 Bb7 19.Rhb1 gxf4 20.gxf4 Bc6 21.Nd4 Ba8 22.Rb3 Rhg8
23.Rg1 Rxb3 24.axb3 Rxg1 25.Kxg1 Kd8 26.Kf2 Nh8 27.Nc4 Ng6 28.Ne2 Bd5 29.Nd2 Kc7
30.c4 Bb7 31.Ke3 Kb6 32.Kd4 Bg2 33.b4 Bh3 34.Nb3 Bg4 35.Nc3 Nxf4 36.Nc5 a5
37.bxa5+ Kc6 38.Na6 Ne2+ 39.Nxe2 Bxe2 40.Nb4+ Kc7 41.Ke3 Bf1 42.Kf2 Bh3 43.d4 Bg4
44.d5 d6 45.Na6+ Kd7 46.c5 exd5 47.cxd6 f4 48.Nc5+ Kc6 49.Nd3 f3 50.Nf4 d4
51.h3 d3 52.Nxd3 Bxh3 53.Kxf3 Kd5 54.Kf4 Bd7 55.Nb4+ Ke6 56.Na6 Bc6 57.Nc5+ Kf7
58.Kf5 h5 59.e6+ Kf8 60.Kf6  1-0

[Event "Recklinghausen op"]
[Site "Recklinghausen"]
[Date "1999.??.??"]
[Round "8"]
[White "Rotshtein, Efim"]
[Black "Galdunts, Sergey"]
[Result "0-1"]
[WhiteElo "2335"]
[BlackElo "2460"]

1.e4 g6 2.d4 Bg7 3.Nc3 a6 4.a4 d6 5.h3 b6 6.Be3 Bb7 7.g4 h5 8.g5 e6 9.Bg2 Ne7
10.Nge2 d5 11.h4 Nbc6 12.exd5 Nb4 13.Nf4 Nexd5 14.Ncxd5 Nxd5 15.Qd2 O-O 16.O-O-O Qd7
17.b3 Rfd8 18.Rhe1 Qd6 19.Nxd5 Bxd5 20.Bxd5 Qa3+ 21.Kb1 Rxd5 22.Qc1 Qb4 23.Ka2 b5
24.Qa3 Qc3 25.Qb2 Qc6 26.a5 b4 27.Kb1 Rxa5 28.Bf4 Rd8 29.Be5 Bxe5 30.dxe5 Rad5
31.Qc1 Qc3 32.Rxd5 Rxd5 33.Re3 Qd4 34.Rd3 Qxf2 35.Rxd5 exd5 36.Qh1 c6 37.Qh3 Kg7
38.Qd7 Qxh4 39.Qxc6 Qe1+ 40.Ka2 Qxe5 41.Qxa6 Qxg5 42.Qd6 Qd2 43.Qe5+ f6 44.Qe7+ Kh6
45.Kb1 Qd1+ 46.Kb2 Qd4+ 47.Kb1 h4 48.Qe6 f5 49.Qe7 h3 50.Qf8+ Kh5 51.Qf7 Qd1+
52.Kb2 Qd2 53.Qh7+ Qh6 54.Qc7 Kg4 55.Qe5 Qd2  0-1

[Event "Eliskases mem"]
[Site "Rio de Janeiro"]
[Date "1999.??.??"]
[Round "3"]
[White "Silver, Albert W"]
[Black "Guedes, Luis Maio"]
[Result "1-0"]
[WhiteElo "2225"]
[BlackElo "2000"]

1.e4 g6 2.d4 Bg7 3.Nc3 c5 4.Nf3 cxd4 5.Nxd4 Qb6 6.Nb3 d6 7.Be2 Nf6 8.Be3 Qd8
9.Qd2 a6 10.Bh6 O-O 11.O-O-O b5 12.Bxg7 Kxg7 13.e5 Ng4 14.exd6 e5 15.Qd5 Ra7
16.Bxg4 Qg5+ 17.Kb1 Bxg4 18.Ne4 Qd8 19.Qxe5+ f6 20.Qd4 Nc6 21.Qd5 Bxd1 22.Rxd1 Ne5
23.Nd4 Re8 24.Ne6+ Rxe6 25.Qxe6 Rf7 26.f4 Nd7 27.g4 Qb6 28.g5 f5 29.Nc3 a5
30.Nd5 Qd8 31.Ne7 b4 32.Nc6 Qa8 33.Ne5 Nxe5 34.fxe5 f4 35.d7 f3 36.d8=Q Qxd8
37.Rxd8 f2 38.Qf6+  1-0

[Event "RUS-ch U18 Girls"]
[Site "Rybinsk"]
[Date "1999.??.??"]
[Round "?"]
[White "Zimina, Olga"]
[Black "Tabrina, Anna"]
[Result "1/2-1/2"]
[WhiteElo "2172"]
[BlackElo "2091"]

1.e4 g6 2.d4 Bg7 3.Nc3 d5 4.exd5 Nf6 5.Bb5+ Bd7 6.Bc4 Bg4 7.f3 Bc8 8.Nge2 O-O
9.O-O Nbd7 10.Bf4 Nb6 11.Bb3 Nfxd5 12.Nxd5 Nxd5 13.Bxd5 Qxd5 14.Bxc7 b6 15.c3 Ba6
16.Re1 Rac8 17.Bg3 Rfe8 18.Qa4 Qb7 19.Nf4 b5 20.Qa5 b4 21.Qxb4 Qxb4 22.cxb4 Bxd4+
23.Bf2 Bxf2+ 24.Kxf2 Rc2+ 25.Kg3 e6 26.Rab1 Rd8 27.Rec1 Rdd2 28.Rxc2 Rxc2
29.a4 e5 30.Nd5 f5 31.b5 f4+ 32.Kh3 Bc8+ 33.g4 Bb7 34.Rd1 Kf7 35.Nxf4 Bxf3  1/2-1/2

[Event "PUR-ch"]
[Site "San Juan"]
[Date "1999.??.??"]
[Round "?"]
[White "Ovalle, R."]
[Black "Serrano, Felipe"]
[Result "1-0"]
[WhiteElo "2150"]
[BlackElo "2045"]

1.e4 g6 2.d4 Bg7 3.Nc3 c5 4.d5 d6 5.Nf3 Nf6 6.Be2 Nbd7 7.O-O O-O 8.h3 a6
9.a4 Qc7 10.Be3 b6 11.Qd2 Bb7 12.Rad1 Rad8 13.Bh6 Kh8 14.Bxg7+ Kxg7 15.Rfe1 Ne8
16.g4 f6 17.Nh4 Ne5 18.f4 Nf7 19.Bc4 Kh8 20.Nf3 Ng7 21.Qe2 Rc8 22.Qd3 Kg8
23.Rd2 Kh8 24.f5 g5 25.h4 gxh4 26.Rh2 Kg8 27.Rxh4 Ne8 28.Qe3 Kg7 29.Kf2 Rh8
30.g5 fxg5 31.Nxg5 Nf6 32.Ne6+  1-0

[Event "PUR-ch"]
[Site "San Juan"]
[Date "1999.??.??"]
[Round "?"]
[White "Montalvo, Alejandro"]
[Black "Santana, Orlando"]
[Result "1-0"]
[WhiteElo "2370"]
[BlackElo "2220"]

1.d4 g6 2.e4 Bg7 3.Nc3 c5 4.dxc5 Qa5 5.Bd2 Qxc5 6.Nd5 b6 7.Be3 Qc6 8.Bb5 Qb7
9.Bd4 f6 10.Nf3 e6 11.Nc3 Nc6 12.Be3 Nh6 13.h3 O-O 14.Qd2 Nf7 15.O-O a6 16.Be2 Qc7
17.Na4 Rb8 18.c4 d6 19.Rac1 Bd7 20.b4 f5 21.exf5 gxf5 22.b5 Ne7 23.Rfd1 Nc8
24.c5 bxc5 25.Nxc5 dxc5 26.Bxc5 Rd8 27.Be7 Qxc1 28.Qxc1 Nxe7 29.bxa6 Nd5
30.Bd3 Nc3 31.Re1 Bb5 32.a7 Rbc8 33.Bxb5 Nxb5 34.Qe3 Nd4 35.Nxd4 Bxd4 36.Qxe6 Bxa7
37.Qxf5 Rc7 38.Re2 Rcd7 39.g3 Rd5 40.Qc2 Ne5 41.Kg2 Bc5 42.Qb3 Kg7 43.a4 R8d7
44.a5 Nd3 45.Qc3+ Rd4 46.Re3 Bb4 47.Qa1 Kf7 48.a6 Bc5 49.Qa5 Ba7 50.Qf5+ Kg7
51.Qg5+ Kf8 52.Qf6+  1-0

[Event "Texas-J"]
[Site "USA"]
[Date "1999.??.??"]
[Round "2"]
[White "John, David C"]
[Black "Sneed, John"]
[Result "1-0"]
[WhiteElo "2285"]
[BlackElo "1900"]

1.d4 g6 2.e4 Bg7 3.Nc3 c5 4.Be3 cxd4 5.Bxd4 Nf6 6.Nd5 O-O 7.Bxf6 exf6 8.Qf3 f5
9.O-O-O d6 10.exf5 Bxf5 11.Ne3 Be6 12.Bc4 Qb6 13.c3 Nd7 14.Qe2 Ne5 15.Bd5 Rac8
16.Nf3 Nxf3 17.Qxf3 Rc5 18.Rd3 Rfc8 19.Rhd1 Qc7 20.R1d2 a5 21.Bxe6 fxe6 22.Rxd6 Rf8
23.Qg4 b5 24.Qxe6+ Kh8 25.Rd7 Qc8 26.Qe7 Rg8 27.Rd8 Rc7 28.Rxg8+  1-0

[Event "Texas-J"]
[Site "USA"]
[Date "1999.??.??"]
[Round "5"]
[White "Bradford, Matthew R"]
[Black "Sneed, John"]
[Result "1/2-1/2"]
[WhiteElo "1795"]
[BlackElo "1900"]

1.e4 g6 2.d4 Bg7 3.Nc3 c5 4.dxc5 Bxc3+ 5.bxc3 Qa5 6.Qd4 Nf6 7.Bd2 Nc6 8.Qe3 b6
9.cxb6 Qxb6 10.Qxb6 axb6 11.f3 d6 12.Be3 Be6 13.a3 O-O 14.Bxb6 Nd7 15.Bd4 Na5
16.Bd3 Nc4 17.Ne2 Nxa3 18.Kf2 Rfb8 19.Nf4 Nb6 20.Nxe6 fxe6 21.Bxb6 Rxb6 22.Ra2 Rc6
23.Rha1 Rxc3 24.Ke2 d5 25.exd5 exd5 26.Kd2 d4 27.Ke2 e6 28.Rb2 Ra7 29.Raa2  1/2-1/2

[Event "Zaragoza op 11th"]
[Site "Zaragoza"]
[Date "1999.??.??"]
[Round "2"]
[White "Baron Rodriguez, Jesus"]
[Black "Vasilev, Vasil"]
[Result "1-0"]
[WhiteElo "2410"]
[BlackElo "2230"]

1.e4 g6 2.d4 Bg7 3.Nc3 Nc6 4.d5 Nb8 5.f4 d6 6.Nf3 Bxc3+ 7.bxc3 Nf6 8.Bd3 c5
9.c4 Bg4 10.e5 Nh5 11.O-O f6 12.exf6 exf6 13.Re1+ Kf8 14.f5 g5 15.Rb1 b6
16.h3 Bxf3 17.Qxf3 Ng7 18.Re6 Kf7 19.Bb2 Nd7 20.Rxd6 Re8 21.Re6 Ne5 22.Bxe5 fxe5
23.Rf1 Nxe6 24.fxe6+ Ke7 25.Qf6+  1-0

[Event "107th ch-NZL"]
[Site "Auckland NZL"]
[Date "2000.01.02"]
[Round "5"]
[White "Sutherland,J"]
[Black "Bjelobrk,I"]
[Result "0-1"]
[WhiteElo "2055"]
[BlackElo "2112"]

1.d4 g6 2.e4 Bg7 3.Nc3 c5 4.d5 d6 5.Be3 Nf6 6.Be2 O-O 7.Qd2 e6 8.Nf3 exd5
9.exd5 Bg4 10.O-O Na6 11.Bg5 Qd7 12.Rfe1 Nc7 13.a4 a6 14.a5 Nb5 15.Na4 Ne4
16.Bxb5 axb5 17.Rxe4 bxa4 18.c4 Rfe8 19.Rxe8+ Rxe8 20.Ra3 Qf5 21.Kf1 Bxf3
22.gxf3 Bxb2 23.Rxa4 Qxf3 24.Be3 Rxe3 25.Qxe3 Qd1+  0-1

[Event "107th ch-NZL"]
[Site "Auckland NZL"]
[Date "2000.01.03"]
[Round "6"]
[White "Sermek,D"]
[Black "Kulashko,A"]
[Result "1-0"]
[WhiteElo "2545"]
[BlackElo "2396"]

1.e4 g6 2.d4 Bg7 3.Nc3 d5 4.Nf3 dxe4 5.Nxe4 Nf6 6.Nxf6+ Bxf6 7.c3 Qd6 8.Bh6 Bf5
9.Bc4 Nd7 10.Qe2 O-O-O 11.Ng5 Bxg5 12.Bxg5 f6 13.Be3 Nb6 14.Bb3 Nd5 15.Bd2 Nf4
16.Bxf4 Qxf4 17.O-O e5 18.g3 Qh6 19.dxe5 fxe5 20.Qxe5 Rhe8 21.Qc5 b6 22.Qc6 Be4
23.Be6+ Kb8 24.Qxe4 Rd6 25.Rad1 Rdxe6 26.Qc4 R6e7 27.Kg2 g5 28.Rd5 Qe6 29.Rfd1 Kb7
30.a4 h6 31.a5 Qe4+ 32.Qxe4 Rxe4 33.axb6 axb6 34.R1d2 Kc6 35.h3 R8e6 36.Kf3 b5
37.Rf5 Kb6 38.Rf6 Re3+ 39.fxe3 Rxf6+ 40.Kg4 Re6 41.Re2 Re5 42.e4 Kc5 43.Kh5 Kc4
44.Kxh6 Kd3 45.Rf2 c6 46.g4 Ke3 47.Rf5 Rxe4 48.Kxg5 b4 49.h4 b3 50.h5 Kd3
51.h6 Re2 52.h7 Rh2 53.Kg6 Kc2 54.Rh5  1-0

[Event "107th ch-NZL"]
[Site "Auckland NZL"]
[Date "2000.01.05"]
[Round "8"]
[White "Sermek,D"]
[Black "Bjelobrk,I"]
[Result "1-0"]
[WhiteElo "2545"]
[BlackElo "2112"]

1.e4 g6 2.d4 Bg7 3.Nc3 d5 4.Nf3 Nf6 5.e5 Ne4 6.Nxe4 dxe4 7.Ng5 c5 8.dxc5 Qa5+
9.Bd2 Qxc5 10.Bc3 e3 11.f4 Nc6 12.Qd3 O-O 13.Qb5 Qxb5 14.Bxb5 h6 15.Nf3 g5
16.fxg5 hxg5 17.h3 f5 18.Bc4+ Kh8 19.Ke2 Bh6 20.g4 e6 21.h4 fxg4 22.hxg5 Rxf3
23.Rxh6+ Kg7 24.Rah1 Nd8 25.Bd3 Nf7 26.Rg6+ Kf8 27.Bb4+ Ke8 28.Rg8+ Kd7 29.g6 Nxe5
30.g7  1-0

[Event "Open"]
[Site "Cannes FRA"]
[Date "2000.02.25"]
[Round "6"]
[White "Canneva,F"]
[Black "Ruffenach,A"]
[Result "1-0"]
[WhiteElo "2072"]
[BlackElo "2146"]

1.e4 g6 2.d4 Bg7 3.Nc3 c5 4.Nf3 cxd4 5.Nxd4 Nc6 6.Be3 d6 7.Qd2 Nf6 8.f3 O-O
9.Bc4 Nd7 10.O-O-O Nde5 11.Bb3 Na5 12.Qe2 Nxb3+ 13.axb3 Bd7 14.h4 h5 15.g4 hxg4
16.f4 Nc6 17.h5 Re8 18.hxg6 fxg6 19.f5 Ne5 20.Qh2 gxf5 21.Qh7+ Kf7 22.Nxf5 Rg8
23.Nh6+ Kf6 24.Nd5+  1-0

[Event "Open"]
[Site "Cannes FRA"]
[Date "2000.02.25"]
[Round "6"]
[White "Philippe,C"]
[Black "Claverie,C"]
[Result "0-1"]
[WhiteElo "2293"]
[BlackElo "2375"]

1.e4 g6 2.d4 Bg7 3.Nc3 c5 4.Nf3 cxd4 5.Nxd4 Nc6 6.Be3 d6 7.Bc4 Nf6 8.f3 Qb6
9.Bb3 Ng4 10.Nd5 Nxe3 11.Nxb6 Nxd1 12.Nxa8 Nxb2 13.Ne2 Nd3+ 14.cxd3 Bxa1
15.Kd2 Bg7 16.Nc7+ Kd7 17.Nb5 e6 18.Na3 Ke7 19.Rb1 Bd7 20.Ba4 b6 21.Nc2 Rc8
22.Bxc6 Rxc6 23.Nb4 Rc5 24.d4 Rc4 25.Kd3 b5 26.a4 a5 27.Nc2 Rxa4 28.Nc3 Rc4
29.Nxb5 Rc8 30.Nba3 Rc7 31.Rb6 f5 32.Nc4 fxe4+ 33.fxe4 d5 34.N4a3  0-1

[Event "Oz.com qualifier blitz"]
[Site "Internet ICC"]
[Date "2000.03.05"]
[Round "7"]
[White "Plesset,K"]
[Black "Wippermann,T"]
[Result "0-1"]
[WhiteElo "2151"]
[BlackElo "2255"]

1.d4 g6 2.e4 Bg7 3.Nc3 c5 4.d5 d6 5.f4 Bxc3+ 6.bxc3 Qa5 7.Qd2 Nf6 8.Bd3 c4
9.Bxc4 Nxe4 10.Qd4 Nf6 11.Nf3 Bf5 12.Bb3 Nbd7 13.Bd2 Qc5 14.O-O Rc8 15.Rfe1 Qxd4+
16.Nxd4 Be4 17.c4 Nb6 18.g4 Nxc4 19.g5 Nxd2 20.gxf6 O-O 21.Re2 Nxb3 22.cxb3 Bxd5
23.fxe7 Rfe8 24.f5 f6 25.Nb5 Rc6 26.Rd1 Bf3 27.Nxd6 Rxd6 28.Rxd6 Bxe2 29.Rd7 Bf3
30.Kf2 Bc6  0-1

[Event "57th ch-POL"]
[Site "Plock POL"]
[Date "2000.05.09"]
[Round "12"]
[White "Hnydiuk,A"]
[Black "Urban,K"]
[Result "0-1"]
[WhiteElo "2352"]
[BlackElo "2467"]

1.e4 g6 2.d4 Bg7 3.Nc3 a6 4.Nf3 d6 5.Be2 Nf6 6.O-O O-O 7.h3 e6 8.Bg5 h6 9.Bf4 Nc6
10.Qd2 Kh7 11.Rad1 Nd7 12.Bh2 e5 13.dxe5 dxe5 14.Rfe1 f6 15.Qe3 h5 16.Bc4 Bh6
17.Qe2 Ne7 18.g4 Qe8 19.gxh5 c6 20.hxg6+ Qxg6+ 21.Kh1 Nc5 22.Rg1 Qe8 23.Rd6 Ng6
24.Rxg6 Qxg6 25.Nxe5 Qg7 26.Nd3 Bxh3 27.Qf3 Bg4 28.Qg2 b5 29.Nxc5 bxc4 30.f3 Bc8
31.Rxc6 Ra7 32.Qxg7+ Rxg7 33.Nd5 Bh3 34.Bd6 Rff7 35.Kh2 Bf1 36.Be7 Rg2+ 37.Kh1 Bg5
38.f4 Kg6 39.f5+ Kh5 40.Bxf6 Rh7 41.Rc7 Rxc7 42.Nxc7 Bxf6 43.Nd7 Bxb2 44.f6 Rxc2
45.f7 Rf2  0-1

[Event "zt3.2a"]
[Site "Vung Tau VIE"]
[Date "2000.05.23"]
[Round "3"]
[White "Mascarinas,R"]
[Black "Adianto,U"]
[Result "1-0"]
[WhiteElo "2415"]
[BlackElo "2584"]

1.e4 g6 2.d4 Bg7 3.Nc3 c5 4.dxc5 Bxc3+ 5.bxc3 Nc6 6.Be3 Qa5 7.Qd2 Nf6 8.f3 O-O
9.Ne2 Rd8 10.c4 Qxd2+ 11.Kxd2 d6 12.cxd6 Rxd6+ 13.Kc1 Rd8 14.Nc3 Nd7 15.Nd5 Kg7
16.c5 e6 17.Nc7 Rb8 18.Nb5 Nf6 19.Rb1 Ne8 20.Bc4 a6 21.Nc3 Bd7 22.Rd1 Na5
23.Bxa6 e5 24.Bf1 Nc6 25.Nd5 Be6 26.a4 Rdc8 27.Bb5 Nf6 28.Nb6 Rc7 29.c3 Na5
30.Kc2 Ne8 31.Nd5 Rcc8 32.Be2 Nc7 33.g4 h5 34.gxh5 Nxd5 35.exd5 Bf5+ 36.Kb2 Bxb1
37.Rxb1 f5 38.Kc2 f4 39.Bf2 Rh8 40.h4 Rxh5 41.c6 Rc8 42.Rb5 Nxc6 43.Rxb7+ Kf6
44.dxc6 Rxc6 45.a5 e4 46.Bd4+ Ke6 47.fxe4 Rxh4 48.Kb3 g5 49.Bb5  1-0

[Event "zt3.2a"]
[Site "Vung Tau VIE"]
[Date "2000.05.25"]
[Round "5"]
[White "Liu Dede"]
[Black "Adianto,U"]
[Result "0-1"]
[WhiteElo "2370"]
[BlackElo "2584"]

1.e4 g6 2.d4 Bg7 3.Nc3 c5 4.dxc5 Qa5 5.Ne2 Nf6 6.Ng3 Nc6 7.Be3 h5 8.f3 h4
9.Ne2 b6 10.cxb6 h3 11.g3 Rb8 12.Nf4 Rxb6 13.Bxb6 Qxb6 14.Na4 Qa5+ 15.c3 e5
16.Nd5 Nxd5 17.exd5 Ne7 18.Bc4 Nf5 19.Kf2 O-O 20.Re1 d6 21.b4 Qc7 22.Bf1 Bh6
23.Qb3 a6 24.c4 Nd4 25.Qc3 Bd7 26.Nb2 Nb5 27.Qc2 Rc8 28.Rac1 a5 29.Kg1 Nd4
30.Qf2 axb4 31.Ra1 Qa7 32.Kh1 Qa3 33.Nd3 Rxc4 34.Nxe5 Rc2 35.Qxd4 dxe5 36.Qd3 Qb2
37.Be2 Bf5 38.Qb5 Qd4 39.Rf1 Rxe2 40.Qxe2 Bd3 41.Qe1 Be3 42.d6 Qb2  0-1

[Event "ch-Europe Women"]
[Site "Batumi GEO"]
[Date "2000.05.30"]
[Round "2.3"]
[White "Khurtsidze,N"]
[Black "Radziewicz,I"]
[Result "1/2-1/2"]
[WhiteElo "2464"]
[BlackElo "2377"]

1.d4 g6 2.e4 Bg7 3.Nc3 c5 4.dxc5 Qa5 5.Ne2 Qxc5 6.Be3 Qa5 7.g3 Nc6 8.Bg2 d6
9.h3 Nf6 10.O-O O-O 11.Qd2 Ne5 12.Nd5 Qd8 13.b3 Bxh3 14.f4 Bxg2 15.Nxf6+ Bxf6
16.Kxg2 Ng4 17.Bd4 d5 18.e5 Bg7 19.Rad1 e6 20.Bc5 Re8 21.Nd4 Qc7 22.Bd6 Qb6
23.a4 a6 24.a5 Qd8 25.c4 dxc4 26.bxc4 Rc8 27.c5 h5 28.Rb1 Bf8 29.Rxb7 Rxc5
30.Rb8 Rc8 31.Rfb1 Bxd6 32.Rxc8 Qxc8 33.exd6 Rd8 34.Rb6 Qc5 35.Nf3 Ne3+ 36.Kh1 Nc4
37.Qc3 Qd5 38.Rxa6 Nxd6 39.Kh2 Rc8 40.Qd2 Qxf3 41.Rxd6 Kg7 42.Rd7 Rc4 43.Rd4 Rc3
44.Qg2 Qe3 45.Re4 Qd3 46.Re2 Ra3 47.Ra2 h4  1/2-1/2

[Event "11th Open"]
[Site "Ljubljana SLO"]
[Date "2000.06.21"]
[Round "5"]
[White "Zelcic,R"]
[Black "Ceko,J"]
[Result "1-0"]
[WhiteElo "2529"]
[BlackElo "2232"]

1.e4 g6 2.d4 Bg7 3.Nc3 c5 4.Nf3 cxd4 5.Nxd4 Nc6 6.Nb3 Nf6 7.Be2 O-O 8.O-O d6
9.Bg5 Be6 10.Kh1 Rc8 11.f4 Na5 12.e5 Nxb3 13.axb3 Rxc3 14.exf6 exf6 15.Bxf6 Bxf6
16.bxc3 Bxc3 17.Rxa7 Qb6 18.Ra4 Qc5 19.Qd3 Bf5 20.Qc4 Qe3 21.Bd3 Rc8 22.Qd5 Bxd3
23.Qxd3 Qxd3 24.cxd3 b5 25.Ra6 d5 26.f5 f6 27.fxg6 hxg6 28.g3 Kg7 29.Rd6 Rc5
30.b4 Bxb4 31.Rd7+ Kh6 32.Rxf6 Bc3 33.Rdf7 Kh5 34.Kg2 b4 35.h4 g5 36.Rf5 Bd2
37.Kf3  1-0

[Event "ch-POL women"]
[Site "Brzeg Dolny POL"]
[Date "2000.07.16"]
[Round "11"]
[White "Matras,A"]
[Black "Zielinska,Mar"]
[Result "0-1"]
[WhiteElo "2232"]
[BlackElo "2376"]

1.e4 g6 2.d4 Bg7 3.Nc3 d5 4.exd5 Nf6 5.Bc4 Nbd7 6.Nf3 O-O 7.O-O Nb6 8.Bb3 a5
9.a4 Nbxd5 10.Re1 Bg4 11.h3 Nxc3 12.bxc3 Bxf3 13.Qxf3 c6 14.Ba3 Re8 15.Rad1 Qc7
16.c4 e6 17.Bc1 Nd7 18.Bf4 Qc8 19.c5 Ra7 20.h4 h5 21.Bg5 Nf8 22.Re4 Nh7 23.Bc1 Qd7
24.c4 Raa8 25.d5 e5 26.Bb2 Nf8 27.Rde1 f5 28.R4e2 e4 29.Qf4 Rac8 30.Rd1 Qe7
31.d6 Qe6 32.Bxg7 Kxg7 33.f3 Nd7 34.fxe4 fxe4 35.Rd4 Qf5 36.Rexe4 Rxe4 37.Qxe4 Qxe4
38.Rxe4 Nxc5 39.Re7+ Kf6 40.Bc2 Rd8 41.Re3 Rxd6 42.Rg3 Kf7 43.Rg5 b6 44.g4 hxg4
45.Rxg4 Nd7 46.Rg5 Rd4 47.Bxg6+ Kf6 48.Be8 Rxh4 49.Rg3 Ne5 50.Rc3 Rh8 51.c5 Rxe8
52.cxb6 Rb8 53.Rc5 Rxb6 54.Rxa5 Rb2 55.Kf1 Ke6 56.Ke1 Kd6 57.Ra8 Ra2 58.a5 Kc5
59.Kd1 Nc4 60.a6 Nb6 61.Ra7 Kb5  0-1

[Event "Open"]
[Site "Bolzano ITA"]
[Date "2000.07.21"]
[Round "8"]
[White "Drabke,L"]
[Black "Voiska,M"]
[Result "0-1"]
[WhiteElo "2149"]
[BlackElo "2366"]

1.e4 g6 2.d4 Bg7 3.Nc3 d5 4.exd5 Nf6 5.Bc4 Nbd7 6.Bb3 Nb6 7.Nf3 a5 8.a3 a4
9.Ba2 Nbxd5 10.Nxd5 Nxd5 11.O-O c6 12.c3 O-O 13.Qe2 b5 14.Re1 Ra7 15.Ne5 Qd6
16.Qf3 Be6 17.Bd2 Raa8 18.Nd3 Rad8 19.Nc5 Bc8 20.Bxd5 cxd5 21.Bf4 Qf6 22.Qg3 Qf5
23.Rxe7 Qc2 24.Qd3 Qxb2 25.Rb1 Qxa3 26.Bc1 Qa2 27.Rb2 Qc4 28.Qxc4 bxc4 29.Nxa4 Rfe8
30.Rxe8+ Rxe8 31.Be3 Bf5 32.h3 h5 33.Nc5 Ra8 34.Bd2 Bf8 35.Kf1 Ra5 36.Ke2 Ra3
37.Be1 Kg7 38.Nb7 Rb3  0-1

[Event "4th Open"]
[Site "Korinthos GRE"]
[Date "2000.08.01"]
[Round "8"]
[White "Van den Doel,E"]
[Black "Istratescu,A"]
[Result "1/2-1/2"]
[WhiteElo "2547"]
[BlackElo "2578"]

1.e4 g6 2.d4 Bg7 3.Nc3 c5 4.Nf3 cxd4 5.Nxd4 Nc6 6.Be3 Nf6 7.Bc4 O-O 8.Bb3 a5
9.O-O a4 10.Nxa4 Nxe4 11.Nb5 Ra6 12.c4 d6 13.Qe2 Nf6 14.h3 Be6 15.Rad1 Qb8
16.c5 Bxb3 17.axb3 dxc5 18.Nxc5 Ra8 19.Bg5 Qe5 20.Qxe5 Nxe5 21.Nc3 Rfc8 22.Nxb7 Rab8
23.Na5 Rc5 24.b4 Nf3+ 25.Kh1 Rxg5 26.gxf3 Rxb4 27.Nc6 Rh5 28.Kh2 Bf8 29.Rd4 Rxd4
30.Nxd4 e6 31.Ra1 Bc5 32.Ra4 e5 33.f4 exf4 34.Nf3 Rf5 35.Kg2 Kf8 36.Ra5 Rh5
37.Rb5 Bd6 38.Rb6 Ke7 39.Rb7+ Nd7 40.b4 Kd8 41.Ne4 Be7 42.Nd4 Kc8 43.Ra7 f3+
44.Nxf3 Rd5 45.Kg3 Rd3 46.Ra6  1/2-1/2

[Event "Valoz Cup"]
[Site "Olomouc CZE"]
[Date "2000.08.02"]
[Round "1"]
[White "Buchnicek,P"]
[Black "Chytilek,R"]
[Result "0-1"]
[WhiteElo "2398"]
[BlackElo "2344"]

1.e4 g6 2.d4 Bg7 3.Nc3 c5 4.d5 d6 5.Nf3 Nf6 6.Bd3 O-O 7.O-O Na6 8.h3 Nc7
9.a4 b6 10.Re1 a6 11.Bf4 Rb8 12.Bf1 Bb7 13.Qd2 b5 14.axb5 axb5 15.Bh6 b4
16.Nd1 e6 17.Bxg7 Kxg7 18.dxe6 Nxe4 19.Rxe4 Bxe4 20.Ng5 Bd5 21.Nxf7 Qe7 22.Ra7 Rb7
23.Rxb7 Bxb7 24.Qxd6 Rxf7  0-1

[Event "4th ch-Arab"]
[Site "Beirut LEB"]
[Date "2000.08.08"]
[Round "4"]
[White "Khader,S"]
[Black "Bouaziz,S"]
[Result "1/2-1/2"]
[WhiteElo "2372"]
[BlackElo "2383"]

1.e4 g6 2.d4 Bg7 3.Nc3 c5 4.dxc5 Qa5 5.Ne2 Qxc5 6.g3 Nf6 7.Bg2 O-O 8.O-O Nc6
9.Nd5 d6 10.Be3 Qa5 11.Bg5 Nxd5 12.exd5 Ne5 13.Bxe7 Re8 14.Bg5 Nc4 15.b3 Bg4
16.f3 Nb2 17.Qe1 Qc5+ 18.Qf2 Qxc2 19.Nf4 Qxf2+ 20.Rxf2 Bf5 21.g4 h6 22.Bh4 Nd3
23.Nxd3 Bxd3 24.Rd1 Be2 25.Rd2 Bb5 26.Bf1 Bd7 27.Rfe2 Be5 28.Bf2 a6 29.Rc2 Rac8
30.Bg3 Bb5 31.Red2 Bxg3 32.Bxb5 Bxh2+ 33.Kxh2 axb5 34.Kg3 Kf8 35.Kf4 Rxc2
36.Rxc2 Re5 37.Rc7 Rxd5 38.Rxb7 Rd2 39.Rxb5 Rxa2 40.Rb7 Re2 41.b4 Ke8 42.b5 Re7
43.Rb8+ Kd7 44.Rh8 Re5 45.Rf8 Ke7 46.Rb8 h5 47.gxh5 gxh5 48.b6 Rb5 49.Ke4 h4
50.Ke3 h3 51.Kf2 Rb2+ 52.Kg1 d5 53.Rb7+ Ke6 54.f4 f6 55.Rb8 Kf5 56.b7 Kxf4
57.Rd8 Rxb7 58.Rxd5 Rb2 59.Rd4+ Kg5 60.Rd3 Kg4 61.Rd4+ Kh5 62.Rd3 f5 63.Rxh3+ Kg4
64.Ra3 f4 65.Kf1 Rb1+ 66.Kf2 Rh1 67.Rb3 Rh2+ 68.Kf1 Rc2 69.Ra3 Rh2 70.Rb3 Rh3
71.Rxh3 Kxh3 72.Kf2 Kg4 73.Kg2 f3+ 74.Kf2 Kf4 75.Kf1 Kg3 76.Kg1 f2+ 77.Kf1 Kf3  1/2-1/2

[Event "4th Open"]
[Site "Halkida GRE"]
[Date "2000.08.16"]
[Round "7"]
[White "Gelashvili,T"]
[Black "Istratescu,A"]
[Result "1/2-1/2"]
[WhiteElo "2519"]
[BlackElo "2578"]

1.e4 g6 2.d4 Bg7 3.Nc3 c5 4.d5 d6 5.Nf3 Nf6 6.Be2 O-O 7.O-O e6 8.Nd2 exd5
9.exd5 Nbd7 10.Nc4 Nb6 11.Ne3 Re8 12.a4 Ne4 13.Nxe4 Rxe4 14.c3 a5 15.Bd3 Re8
16.Bb5 Bd7 17.Qd3 Qc7 18.Bxd7 Qxd7 19.b3 Rac8 20.Bd2 c4 21.Nxc4 Nxc4 22.bxc4 Qc7
23.Rfe1 Rxe1+ 24.Rxe1 Bf8 25.Bg5 Qxc4 26.Qxc4 Rxc4 27.Bf6 Rc8 28.g4 h6 29.Rb1 Bg7
30.Bxg7 Kxg7 31.Rxb7 Rxc3 32.Rb6 Rc4 33.h3 Rxa4  1/2-1/2

[Event "Summer Open"]
[Site "Toronto CAN"]
[Date "2000.08.17"]
[Round "3"]
[White "Stripunsky,A"]
[Black "Day,L"]
[Result "1-0"]
[WhiteElo "2469"]
[BlackElo "2352"]

1.e4 g6 2.d4 Bg7 3.Nc3 c5 4.dxc5 Bxc3+ 5.bxc3 Nf6 6.e5 Ne4 7.Bc4 Nxc5 8.Qf3 Ne6
9.Bxe6 dxe6 10.Ne2 Nc6 11.Bf4 Qd5 12.Qe3 b6 13.O-O Ba6 14.Rfd1 Qc4 15.Nd4 O-O
16.Bg5 Bb7 17.f3 Qc5 18.Nxc6 Qxe3+ 19.Bxe3 Bxc6 20.a4 Rfc8 21.a5 b5 22.a6 Bd5
23.Bd4 Rc6 24.Rdb1 Bc4 25.h4 Kg7 26.Kf2 h6 27.Ke3 f6 28.g4 Kf7 29.f4 Rb8
30.Ra5 Ra8 31.Rg1 Rb8 32.Raa1 fxe5 33.Bxe5 Rbb6 34.h5 gxh5 35.gxh5 Rxa6 36.Rad1 Bd5
37.Rg6 Ra2 38.Rxd5 Rxc3+ 39.Bxc3 exd5 40.Kd2 a5 41.Ra6 a4 42.Kc1 Ra3 43.Kb2 b4
44.Bxb4 Rh3 45.Rxh6 Kg7 46.Re6 Rxh5 47.Rxe7+  1-0

[Event "Open"]
[Site "Collado Villalba ESP"]
[Date "2000.08.26"]
[Round "5"]
[White "Martin Blanco,F"]
[Black "Belezky,S"]
[Result "0-1"]
[WhiteElo "2192"]
[BlackElo "2391"]

1.e4 g6 2.d4 Bg7 3.Nc3 c5 4.Nf3 cxd4 5.Nxd4 Nc6 6.Be3 d6 7.Qd2 Nf6 8.f3 Bd7
9.O-O-O Rc8 10.Kb1 Ne5 11.h4 h5 12.g4 hxg4 13.f4 Nf3 14.Nxf3 gxf3 15.e5 Ng4
16.Bd4 dxe5 17.fxe5 Bc6 18.Bb5 Kf8 19.Ba4 Bxe5  0-1

[Event "6th WUCC"]
[Site "Golden Sands BUL"]
[Date "2000.09.03"]
[Round "3"]
[White "Zubarev,A1"]
[Black "Kacheishvili,G"]
[Result "1/2-1/2"]
[WhiteElo "2456"]
[BlackElo "2564"]

1.e4 g6 2.d4 Bg7 3.Nc3 c5 4.Nf3 cxd4 5.Nxd4 Nc6 6.Nb3 Nf6 7.Be2 O-O 8.O-O d6
9.Bg5 Be6 10.f4 b5 11.Bf3 b4 12.Nd5 Bxd5 13.exd5 Na5 14.Nxa5 Qxa5 15.Re1 Qc7
16.Kh1 Rfc8 17.Re2 Qb7 18.Qd3  1/2-1/2

[Event "chT-POL"]
[Site "Zakopane chT"]
[Date "2000.09.03"]
[Round "2"]
[White "Hnyudiuk,A"]
[Black "Jaracz,P"]
[Result "1/2-1/2"]
[WhiteElo "2346"]
[BlackElo "2511"]

1.e4 c5 2.Nc3 g6 3.d4 Bg7 4.dxc5 Qa5 5.Bd2 Qxc5 6.Nd5 Na6 7.Nf3 e6 8.Bxa6 bxa6
9.Bb4 Qc6 10.O-O f6 11.Re1 Kf7 12.Qe2 Nh6 13.Qd2 exd5 14.exd5 Qb6 15.Re7+ Kg8
16.Re8+ Kf7 17.Re7+ Kg8 18.Re8+ Kf7 19.Re7+  1/2-1/2

[Event "6th WUCC"]
[Site "Golden Sands BUL"]
[Date "2000.09.05"]
[Round "5"]
[White "Zubarev,A1"]
[Black "Mester,G"]
[Result "1-0"]
[WhiteElo "2456"]
[BlackElo "2379"]

1.e4 g6 2.d4 Bg7 3.Nc3 c5 4.d5 d6 5.Nf3 Nf6 6.h3 O-O 7.Bd3 Na6 8.O-O Nc7
9.Bg5 b5 10.Re1 h6 11.Bf4 b4 12.Nb5 Nce8 13.a3 Nh5 14.Bc1 a6 15.axb4 Bb7
16.Na3 cxb4 17.Nc4 a5 18.Be3 Ba6 19.Nxa5 Bxd3 20.Nc6 Rxa1 21.Qxa1 Qd7 22.cxd3 Nc7
23.Qa7 Bxb2 24.Rb1 Bc3 25.Bb6 Rb8 26.Qb7  1-0